<Die> Bank für Ihr Vermögen
Salvato in:
| Natura: | Libro |
|---|---|
| Lingua: | inglese |
| Pubblicazione: |
Zurich
Vontobel
[1996]
|
| Soggetti: | |
| Tags: |
Nessun Tag, puoi essere il primo ad aggiungerne!!
|
MARC
| LEADER | 00000nam a2200000 4500 | ||
|---|---|---|---|
| 001 | c108371 | ||
| 005 | 20221123123726.9 | ||
| 041 | 0 | |a eng | |
| 044 | |a CH | ||
| 245 | 1 | 0 | |a <Die> Bank für Ihr Vermögen |
| 264 | 1 | |a Zurich |b Vontobel |c [1996] | |
| 300 | |a 16 s. | ||
| 610 | 2 | 0 | |a banky |
| 610 | 2 | 0 | |a služby bankové |
| 610 | 2 | 0 | |a politika finančná |
| 610 | 2 | 0 | |a manažment finančný |
| 610 | 2 | 0 | |a Švajčiarsko |
| 610 | 2 | 0 | |a Bank J. Vontobel |